| 000 | 00887nam a22002415i 4500 | ||
|---|---|---|---|
| 001 | 158985 | ||
| 003 | ES-MaACL | ||
| 005 | 20251015063141.0 | ||
| 008 | 950111m18851886sp |||| | spa d | ||
| 040 |
_aCARM _bspa |
||
| 100 | 1 |
_aMartínez del Campo, Eduardo, _d-1911 _9129577 |
|
| 245 | 1 | 0 |
_aNotas al Libro primero de la Ley de enjuiciamiento criminal / _cpor Eduardo Martinez del Campo. |
| 260 |
_aMadrid : _b[s.n.], _c1885-1886 ( _fEstablecimiento tipográfico de P. Nuñez) |
||
| 300 |
_a3 v. (3320 ; 277 ; 284 p.) ; _c18 cm. |
||
| 490 | 1 |
_aBiblioteca Judicial ; _v11 |
|
| 510 | 4 |
_aPalau, _cVIII, 154853 |
|
| 597 | 1 | _aSignaturizado. | |
| 597 | 1 | _aAntep. | |
| 752 |
_aEspaña - _d, Madrid |
||
| 830 | 0 |
_aBiblioteca Judicial ; _v11 _9181856 |
|
| 852 |
_aES-MaACL _jB-6684-6686 _z-- Enc. pasta española _x-- Edic.: el T. I. tiene 320 p. |
||
| 999 |
_c158985 _d158985 |
||